Statistiques concernant Pays les plus proches du Sri Lanka

Cliquez ici pour prendre le quiz!

Statistiques générales

  • Ce quiz a été pris 72 fois
  • Le résultat moyen est 17 sur 20

Statistiques - réponses

kmpays% Correct
1Inde
100%
2150Chine
99%
1874Pakistan
97%
1955Népal
96%
1810Thaïlande
94%
1967Malaisie
91%
2522Viêt Nam
91%
1628Bangladesh
90%
2360Laos
90%
1629Birmanie
87%
716Maldives
87%
2646Afghanistan
86%
1464Indonésie
86%
2337Cambodge
83%
2570Iran
83%
2494Singapour
81%
2108Bhoutan
80%
2537Oman
68%
2795Yémen
68%
2898Arabie Saoudite
64%

Distribution des résultats

Percentile par nombre de réponses

% des personnes avec chaque résultat

Votre développement - résultats

Vous n’avez pas pris ce quiz